[Event "Istanbul Open 2019"]
[Site "Istanbul"]
[Date "2019.08.26"]
[Round "1.1"]
[White "Shanava, Konstantine"]
[Black "Dinke, Abdullah"]
[Result "1-0"]
[WhiteElo "2496"]
[BlackElo "1876"]
[Annotator "TA"]
[PlyCount "81"]
[EventDate "2019.08.26"]
[EventType "swiss"]
[EventCountry "TUR"]
[SourceTitle "playchess.com"]
[Source "ChessBase"]
[SourceQuality "1"]

{[%evp 19,81,0,0,0,0,0,14,10,20,14,15,0,0,0,28,24,21,13,80,47,50,60,54,50,87,75,96,33,131,15,4,11,71,71,472,65,113,27,152,143,100,0,0,-73,6,0,114,0,147,175,469,467,459,449,1025,1016,944,388,708,712,29987,29986,29992,29990]} 1. e4 e5 2. Nf3 Nc6 3. Bc4 ({Predecessor:} 3. Bb5 Nf6 4. d3 Bc5 5. c3 O-O 6. Nbd2 d6 7. O-O Bb6 8. Nc4 Ne7 9. Ba4 Ng6 10. h3 h6 {½-½ (54) Svidler,P (2731)-Akopian,V (2691) Plovdiv 2010}) 3... Bc5 4. c3 Nf6 5. d3 O-O 6. O-O d6 7. h3 h6 8. Bb3 Bb6 9. Nbd2 Ne7 10. Nc4 Ng6 11. Bc2 {C54: Giuoco Piano: 4 c3 Nf6, main lines with 5 d4 and 5 d3} Be6 12. a4 $146 (12. Nxb6 axb6 13. d4 b5 14. Be3 c6 15. Re1 Qc7 16. a3 Rad8 17. Qd2 Rfe8 18. Rad1 Qe7 19. Qc1 Nh5 20. dxe5 dxe5 21. Rxd8 Rxd8 {1-0 (61) Carlsen,M (2835)-Andreikin,D (2719) St Petersburg 2018}) 12... Bxc4 13. dxc4 {The position is equal.} a5 14. g3 Qe7 15. Kg2 Qe6 16. Qe2 Nd7 17. b4 {[%cal Bb2b4,Bb4b5][%mdl 32]} Ne7 18. Rb1 Kh8 (18... axb4 $11 19. cxb4 Nc6) 19. Nh4 Nc6 {[#]} 20. c5 $1 {[%mdl 512]} dxc5 21. Bb3 $36 {[%mdl 2048] White is pushing.} Qf6 22. b5 {[%mdl 1024] White has strong compensation.} Ne7 23. Bc4 ({White should play} 23. Rd1 $16 c4 24. Bxc4 (24. Rxd7 cxb3 25. Ba3 Rae8 $16)) 23... Nc8 (23... Rad8 $14) 24. Qh5 (24. f4 $16 {fxe5 is the strong threat.} Qe7 25. Nf5) 24... Nd6 $11 25. Bd5 Kh7 (25... c4 $11) 26. c4 $16 g6 $2 {[%mdl 8192]} (26... Rab8 $16 {is a better chance.}) 27. Qd1 $2 (27. Qxh6+ $18 Kg8 28. Nxg6) 27... Qe7 28. f4 (28. Qd2 $1 $16 {[%cal Rd2h6]} Qg5 29. Qxg5 hxg5 30. Bxg5) 28... Rac8 (28... exf4 $11 29. Bxf4 Ne5) 29. Qd2 {Black must now prevent fxe5.} exf4 30. e5 (30. Qxf4 $16 g5 31. Nf5 gxf4 32. Nxe7) 30... Nxe5 $11 (30... Qxe5 31. Rxf4 Qh5 32. Qc2 $16) 31. Rxf4 (31. Qxf4 $11 {remains equal.} g5 {[%mdl 64] Double Attack} 32. Qe3) 31... f5 (31... c6 $17 32. bxc6 bxc6) 32. Rf2 {[%csl Gc1][%cal Rd2h6]} g5 {[#]} (32... Qg7 $1 $11 {keeps the balance.} 33. Qc2 Rce8) 33. Re2 (33. Nxf5 $1 $16 {[%mdl 512]} Rxf5 (33... Nxf5 34. Qc2) 34. Qc2) 33... Qf6 (33... Rce8 $1 $11 34. Bb2 Qd8) 34. Bb2 $16 Ne4 $2 {[#]} ({Don't go for} 34... Nexc4 $2 35. Bxc4 Qd8 36. Qc3 $18) (34... Rce8 35. Nf3 Nxf3 36. Bxf3 Qd8) 35. Rxe4 $1 $18 fxe4 36. Bxe4+ Kg8 (36... Kg7 $142) 37. Qd5+ {[%mdl 64] Double Attack} Rf7 38. Nf3 ({Not} 38. Qxe5 Qxe5 39. Bxe5 gxh4 $11) (38. Bxe5 $142 c6 39. bxc6 {[%mdl 64] Discovered Attack} bxc6 {[#]} 40. Bh7+ $1 {[%mdl 576] Pin} Kf8 41. Qe4 Qf2+ 42. Kh1) 38... g4 $2 (38... Rd8 39. Qxe5 Qxe5 40. Bxe5 Rfd7 41. Bxb7 Rd1) 39. Nxe5 {[%mdl 64] Pin} Qf2+ 40. Kh1 Rcf8 41. Nxg4 {[%mdl 64] Double Attack. Accuracy: White = 42%, Black = 15%.} 1-0

[Event "Istanbul Open 2019"]
[Site "Istanbul"]
[Date "2019.08.26"]
[Round "1.2"]
[White "Huseynov, Shamsaddin"]
[Black "Arat, Ufuk Sezen"]
[Result "0-1"]
[WhiteElo "1967"]
[BlackElo "2390"]
[Annotator "ChessBase"]
[PlyCount "64"]
[EventDate "2019.08.26"]
[EventType "swiss"]
[EventCountry "TUR"]
[SourceTitle "playchess.com"]
[Source "ChessBase"]
[SourceQuality "1"]
[TimeControl "5400+30"]

1. e4 {[%emt 1:23:01]} g6 {[%emt 1:14:51]} 2. d4 {[%emt 0:00:30]} d6 {[%emt 0:00:30]} 3. Nc3 {[%emt 0:00:30]} Bg7 {[%emt 0:00:30]} 4. Be2 {[%emt 0:00:30]} Nf6 {[%emt 0:00:30]} 5. Be3 {[%emt 0:00:30]} a6 {[%emt 0:00:30]} 6. g4 {[%emt 0:00:30]} h5 {[%emt 0:00:30]} 7. g5 {[%emt 0:00:30]} Nfd7 {[%emt 0:00:30]} 8. Nf3 {[%emt 0:00:30]} b5 {[%emt 0:00:30]} 9. a4 {[%emt 0:00:30]} b4 {[%emt 0:00:30]} 10. Nd5 {[%emt 0:00:30]} a5 {[%emt 0:00:30]} 11. Nf4 {[%emt 0:00:30]} e5 {[%emt 0:00:30]} 12. dxe5 {[%emt 0:00:30]} dxe5 {[%emt 0:00:30]} 13. Nd3 {[%emt 0:00:30]} Qe7 {[%emt 0:00:30]} 14. c4 {[%emt 0:00:30]} Bb7 {[%emt 0:00:30]} 15. Nd2 {[%emt 0:00:30]} Nc6 {[%emt 0:00:30]} 16. h4 {[%emt 0:00:30]} Nd4 {[%emt 0:00:30]} 17. f3 {[%emt 0:00:30]} Nf8 {[%emt 0:00:30]} 18. Nb3 {[%emt 0:00:30]} Nfe6 {[%emt 0:00:30]} 19. Bxd4 {[%emt 0:00:30]} exd4 {[%emt 0:00:30]} 20. Qc2 {[%emt 0:00:30]} O-O {[%emt 0:00:30]} 21. O-O-O {[%emt 0:00:30]} Rfb8 {[%emt 0:00:30]} 22. Nd2 {[%emt 0:00:30]} b3 {[%emt 0:00:30]} 23. Nxb3 {[%emt 0:00:30]} Bc6 {[%emt 0:00:30]} 24. Nd2 {[%emt 0:00:30]} Nc5 {[%emt 0:00:30]} 25. Nxc5 {[%emt 0:00:30]} Qxc5 {[%emt 0:00:30]} 26. Bd3 {[%emt 0:00:30]} Be5 {[%emt 0:00:30]} 27. Rdf1 {[%emt 0:00:30]} Bf4 {[%emt 0:00:30]} 28. e5 {[%emt 0:00:30]} Rb4 {[%emt 0:00:30]} 29. b3 {[%emt 0:00:30]} Rab8 {[%emt 0:00:30]} 30. Bxg6 {[%emt 0:00:30]} Rxb3 {[%emt 0:00:30]} 31. Bxf7+ {[%emt 0:00:30]} Kf8 {[%emt 0:00:30]} 32. Bg6 {[%emt 0:00:30]} Rc3 0-1

[Event "Istanbul Open 2019"]
[Site "Istanbul"]
[Date "2019.08.26"]
[Round "1.3"]
[White "Ozer, Omer Faruk"]
[Black "Yarar, Muammer Atakan"]
[Result "1/2-1/2"]
[WhiteElo "2357"]
[BlackElo "1779"]
[Annotator "TA"]
[PlyCount "82"]
[EventDate "2019.08.26"]
[EventType "swiss"]
[EventCountry "TUR"]
[SourceTitle "playchess.com"]
[Source "ChessBase"]
[SourceQuality "1"]

{[%evp 14,82,31,0,9,6,7,7,18,11,16,16,18,2,19,18,23,5,18,18,14,14,10,15,20,-4,0,-24,0,-10,0,-8,0,-9,0,0,0,-14,0,0,0,0,0,-45,-42,-41,-37,-41,-39,-39,-42,-48,-36,-33,-27,-73,-84,-89,0,0,0,0,0,0,0,0,0,-60,-25,-75,0]} 1. e4 c5 2. Nf3 Nc6 3. Nc3 e6 4. d4 cxd4 5. Nxd4 d6 6. Be2 Nf6 7. O-O Be7 8. Kh1 e5 {B83: Sicilian Scheveningen: 6 Be2, lines without ...a6} (8... O-O 9. f4 Qc7 10. Be3 a6 11. Qe1 Nxd4 12. Bxd4 b5 13. Qg3 Bb7 14. a3 Bc6 15. Rae1 Qb7 16. Bf3 Rad8 17. b4 Rd7 18. Nd5 Ne8 19. Nxe7+ Rxe7 20. e5 f6 21. exd6 Nxd6 22. Bc5 Rd7 23. Bxc6 Qxc6 24. Qb3 Qd5 25. Rxe6 Qxb3 26. cxb3 {½-½ (49) Kanarek,M (2532)-Duda,J (2652) Poznan 2016}) 9. Nxc6 bxc6 10. f4 Qc7 {The position is equal.} 11. Qe1 $146 ({Predecessor:} 11. a3 exf4 12. Bxf4 Be6 13. Qd4 O-O 14. Rad1 {½-½ (61) Cadena,J-Zapata,A (2487) Bogota 2000}) 11... O-O 12. Qg3 Kh8 13. b3 exf4 14. Bxf4 Nd7 15. Bc4 f6 16. Be6 Ne5 17. Bxc8 Raxc8 18. Ne2 Rfe8 19. Nd4 {Hoping for Ne6!} Bf8 20. c4 Rcd8 21. Rae1 {[%cal Ba1e1,Be1e3,Be3h3][%mdl 32]} a6 22. Qc3 Qb7 23. Nc2 Re6 24. Nd4 Ree8 25. Nc2 Re6 26. Re3 Rde8 27. Nd4 R6e7 28. Rh3 Nf7 29. Nf5 Rxe4 30. Qd3 $1 {White wants to play Ng3.} h6 31. Bxd6 Bxd6 32. Nxd6 Nxd6 33. Qxd6 Re2 34. a4 Re1 {[%cal Re1f1]} 35. Rhf3 {[#]} Rxf1+ ({Better is} 35... Qxb3 $1 $17 {[%mdl 512]} 36. Qxc6 (36. Rxb3 Rxf1#) 36... Qc2) 36. Rxf1 $11 Qxb3 37. Qxc6 $17 {KQR-KQR} Re3 38. h3 Qd3 39. Qc8+ Kh7 40. Rc1 (40. Qf5+ $11 Qxf5 41. Rxf5) 40... f5 41. c5 {[#]} Rxh3+ {Accuracy: White = 54%, Black = 41%.} (41... Qd5 $1 $17 {[%mdl 512]} 42. Kh2 {[#]} Re2 $1 {[%mdl 512]}) 1/2-1/2

[Event "Istanbul Open 2019"]
[Site "Istanbul"]
[Date "2019.08.26"]
[Round "1.4"]
[White "Senyuz, Mustafa Zorbey"]
[Black "Ozsakallioglu, Okan"]
[Result "0-1"]
[WhiteElo "1844"]
[BlackElo "2324"]
[Annotator "ChessBase"]
[PlyCount "76"]
[EventDate "2019.08.26"]
[EventType "swiss"]
[EventCountry "TUR"]
[SourceTitle "playchess.com"]
[Source "ChessBase"]
[SourceQuality "1"]
[TimeControl "5400+30"]

1. e4 c5 2. Nf3 e6 3. d4 cxd4 4. Nxd4 Nf6 5. Nc3 Nc6 6. a3 a6 7. Be3 Qc7 8. Be2 b5 9. O-O Bb7 10. f4 Bc5 11. e5 Qb6 12. Bf3 Bxd4 13. Bxd4 Nxd4 14. Bxb7 Nf5+ 15. Kh1 Qxb7 16. exf6 gxf6 17. Qe2 d5 18. Rad1 Rd8 19. Rfe1 h5 20. Qd3 Kf8 21. Ne2 Qc7 22. Nd4 Nxd4 23. Qxd4 Ke7 24. c3 h4 25. a4 h3 26. g3 bxa4 27. Qxa4 Rd6 28. Rd4 Rb8 29. Qa3 Qb7 30. b4 Kd7 31. Qa4+ Qc6 32. Qc2 f5 33. Kg1 Rc8 34. Rc1 Qb6 35. Qa4+ Ke7 36. Qd1 Rc4 37. Qd2 Rdc6 38. Kf1 Qxd4 0-1

[Event "Istanbul Open 2019"]
[Site "Istanbul"]
[Date "2019.08.26"]
[Round "1.5"]
[White "Sevgi, Volkan"]
[Black "Oztekin, Kerem Can"]
[Result "1-0"]
[WhiteElo "2311"]
[BlackElo "1903"]
[Annotator "TA"]
[PlyCount "41"]
[EventDate "2019.08.26"]
[EventType "swiss"]
[EventCountry "TUR"]
[SourceTitle "playchess.com"]
[Source "ChessBase"]
[SourceQuality "1"]

{[%evp 9,41,-1,-3,-1,7,-1,15,-6,38,38,38,30,225,209,248,162,152,50,46,43,33,8,74,49,51,59,100,92,176,146,256,263,568,544]} 1. e4 c5 2. Nc3 a6 3. g4 (3. Nf3 d6 4. d4 cxd4 5. Nxd4 Nf6 6. Be3 Ng4 7. Bc1 Nc6 8. Be2 Qb6 9. Bxg4 Bxg4 10. Qxg4 Qxd4 11. O-O e6 12. Rd1 Qf6 13. Qg3 Qg6 14. Bf4 Qxg3 15. Bxg3 {0-1 (67) Guseinov,G (2664)-Artemiev,V (2709) Skopje 2018}) 3... b5 4. Bg2 Bb7 5. d3 e6 6. Nh3 {B23: Closed Sicilian: Lines without g3} b4 7. Ne2 d5 8. Ng3 {The position is equal.} Nf6 9. g5 Nfd7 10. exd5 {0-0 is the strong threat.} Be7 $146 (10... Nb6 $11) ({Predecessor:} 10... Nb6) 11. Nf4 $18 e5 12. Nfh5 g6 13. Nf6+ (13. O-O $16) 13... Nxf6 $14 14. gxf6 Bxf6 15. Ne4 $36 {[%mdl 2048] Threatens to win with Qf3. White has good play.} O-O (15... Be7 $11 {keeps the balance.}) 16. c4 bxc3 $1 17. bxc3 Bg7 18. c4 ({Inferior is} 18. Nxc5 Bxd5 19. Be4 Qd6 $15) 18... Qc7 (18... Nd7 $16) 19. Rb1 $18 {Hoping for d6.} Nd7 {[#]} (19... Ra7 $16 20. Qa4 Ba8) 20. d6 $1 {[%cal Rd6c7]} Qc8 $2 {[#]} (20... Qa5+ {is more resistant.} 21. Bd2 Bxe4) 21. Rxb7 $1 {[%mdl 512] Accuracy: White = 64%, Black = 15%.} 1-0

[Event "Istanbul Open 2019"]
[Site "Istanbul"]
[Date "2019.08.26"]
[Round "1.6"]
[White "Salim Mohammed, Salim Al Amri"]
[Black "Kamer, Kayra"]
[Result "0-1"]
[WhiteElo "1943"]
[BlackElo "2306"]
[Annotator "TA"]
[PlyCount "50"]
[EventDate "2019.08.26"]
[EventType "swiss"]
[EventCountry "TUR"]
[SourceTitle "playchess.com"]
[Source "ChessBase"]
[SourceQuality "1"]

{[%evp 14,56,44,18,19,19,25,7,35,6,34,0,0,0,0,0,15,-68,-63,-64,-30,-74,-56,-65,-52,-65,22,7,12,0,0,0,0,-295,-295,-281,-255,-259,-218,-598,-593,-904,-907,-1156,-1147]} 1. e4 c5 2. Nf3 e6 3. d4 cxd4 4. Nxd4 a6 5. c4 Nf6 6. Nc3 Qc7 7. a3 b6 8. Bd3 Nc6 {B41: Sicilian: Kan Variation: 5 c4} 9. Nxc6 dxc6 10. O-O (10. Be3 Bd6 11. h3 O-O 12. O-O Bh2+ 13. Kh1 Bf4 14. Bxf4 Qxf4 15. Ne2 Qh4 16. f4 {½-½ (48) Moiseenko,V (2548)-Artemiev,V (2695) Sochi 2017}) 10... e5 {The position is equal.} 11. h3 $146 ({Predecessor:} 11. b4 Be6 12. Bb2 Be7 13. Rc1 O-O 14. Nd5 Bxd5 15. cxd5 c5 16. Qe2 {1-0 (29) Loebler,H (2149)-Egger,A (2111) Austria 2015}) 11... Be6 12. Qe2 Bc5 13. Be3 Bxe3 14. Qxe3 O-O 15. f4 (15. Rac1 $11) 15... exf4 $15 16. Rxf4 Nd7 17. b3 Ne5 18. Bc2 Rad8 19. Ne2 Qd6 ({Black should play} 19... a5 $15) 20. Qxb6 $11 Qe7 {Threatens to win with ...Rd2.} ({But not} 20... Qd2 $6 21. Rd1 $16) 21. Qa5 Qa7+ 22. Kh2 Qe3 {White must now prevent ...Rd2.} 23. Qxe5 $4 {[%mdl 8192]} (23. Rd1 $11 Rxd1 24. Bxd1) 23... Qxe2 $19 24. Bb1 Rd2 {[%csl Gd2][%cal Re2g2]} 25. Qg5 Bxh3 {Played: Qe2-e3} 0-1

[Event "Istanbul Open 2019"]
[Site "Istanbul"]
[Date "2019.08.26"]
[Round "1.7"]
[White "Citak, Selim"]
[Black "Demir, Baran"]
[Result "1-0"]
[WhiteElo "2263"]
[BlackElo "1859"]
[Annotator "ChessBase"]
[PlyCount "89"]
[EventDate "2019.08.26"]
[EventType "swiss"]
[EventCountry "TUR"]
[SourceTitle "playchess.com"]
[Source "ChessBase"]
[SourceQuality "1"]
[TimeControl "5400+30"]

1. d4 {[%emt 0:47:30]} Nf6 {[%emt 1:21:16]} 2. c4 {[%emt 0:00:30]} c5 {[%emt 0:00:30]} 3. d5 {[%emt 0:00:30]} g6 {[%emt 0:00:30]} 4. Nc3 {[%emt 0:00:30]} Bg7 {[%emt 0:00:30]} 5. e4 {[%emt 0:00:30]} O-O {[%emt 0:00:30]} 6. Bd3 {[%emt 0:00:30]} d6 {[%emt 0:00:30]} 7. Nge2 {[%emt 0:00:30]} Na6 {[%emt 0:00:30]} 8. O-O {[%emt 0:00:30]} Nc7 {[%emt 0:00:30]} 9. Ng3 {[%emt 0:00:30]} h5 {[%emt 0:00:30]} 10. h3 {[%emt 0:00:30]} h4 {[%emt 0:00:30]} 11. Nge2 {[%emt 0:00:30]} Nh5 {[%emt 0:00:30]} 12. Bg5 {[%emt 0:00:30]} Bf6 {[%emt 0:00:30]} 13. Bxf6 {[%emt 0:00:30]} exf6 {[%emt 0:00:30]} 14. f4 {[%emt 0:00:30]} f5 {[%emt 0:00:30]} 15. Qc2 {[%emt 0:00:30]} Qf6 {[%emt 0:00:30]} 16. Rae1 {[%emt 0:00:30]} Bd7 {[%emt 0:00:30]} 17. Kh2 {[%emt 0:00:30]} Rfe8 {[%emt 0:00:30]} 18. Rf3 {[%emt 0:00:30]} Rab8 {[%emt 0:00:30]} 19. Rg1 {[%emt 0:00:30]} b5 {[%emt 0:00:30]} 20. b3 {[%emt 0:00:30]} b4 {[%emt 0:00:30]} 21. Nd1 {[%emt 0:00:30]} fxe4 {[%emt 0:00:30]} 22. Bxe4 {[%emt 0:00:30]} Bf5 {[%emt 0:00:30]} 23. Bxf5 {[%emt 0:00:30]} Qxf5 {[%emt 0:00:30]} 24. Qxf5 {[%emt 0:00:30]} gxf5 {[%emt 0:00:30]} 25. Ne3 {[%emt 0:00:30]} Nf6 {[%emt 0:00:30]} 26. Nc1 {[%emt 0:00:30]} Rxe3 {[%emt 0:00:30]} 27. Rxe3 {[%emt 0:00:30]} Ne4 {[%emt 0:00:30]} 28. Ne2 {[%emt 0:00:30]} Ne8 {[%emt 0:00:30]} 29. g3 {[%emt 0:00:30]} N8f6 {[%emt 0:00:30]} 30. gxh4+ {[%emt 0:00:30]} Kf8 {[%emt 0:00:30]} 31. Ng3 {[%emt 0:00:30]} Nxg3 {[%emt 0:00:30]} 32. Rexg3 {[%emt 0:00:30]} Re8 {[%emt 0:00:30]} 33. Rg5 {[%emt 0:00:30]} Re3 {[%emt 0:00:30]} 34. Rxf5 {[%emt 0:00:30]} Ne4 {[%emt 0:00:30]} 35. Rg2 {[%emt 0:00:30]} Rf3 {[%emt 0:00:30]} 36. h5 {[%emt 0:00:30]} Nf2 {[%emt 0:00:30]} 37. Rg3 {[%emt 0:00:30]} Rxg3 {[%emt 0:00:30]} 38. Kxg3 {[%emt 0:00:30]} Ne4+ {[%emt 0:00:30]} 39. Kf3 {[%emt 0:00:30]} Nc3 {[%emt 0:00:30]} 40. Rg5 {[%emt 0:00:30]} Nxa2 {[%emt 0:00:30]} 41. h6 {[%emt 0:00:30]} Nc1 {[%emt 0:00:30]} 42. h7 {[%emt 0:00:30]} Nxb3 {[%emt 0:00:30]} 43. h8=Q+ {[%emt 0:00:30]} Ke7 {[%emt 0:00:30]} 44. Qb8 {[%emt 0:00:30]} Nd4+ {[%emt 0:00:30]} 45. Kf2 1-0

[Event "Istanbul Open 2019"]
[Site "Istanbul"]
[Date "2019.08.26"]
[Round "1.8"]
[White "Aslan, Dogukan"]
[Black "Nuri, Murad"]
[Result "0-1"]
[WhiteElo "1837"]
[BlackElo "2291"]
[Annotator "ChessBase"]
[PlyCount "66"]
[EventDate "2019.08.26"]
[EventType "swiss"]
[EventCountry "TUR"]
[SourceTitle "playchess.com"]
[Source "ChessBase"]
[SourceQuality "1"]
[TimeControl "5400+30"]

1. d4 {[%emt 1:29:27]} Nf6 {[%emt 1:05:30]} 2. c4 {[%emt 0:00:30]} e6 {[%emt 0:00:30]} 3. g3 {[%emt 0:00:30]} a6 {[%emt 0:00:30]} 4. Nf3 {[%emt 0:00:30]} b5 {[%emt 0:00:30]} 5. cxb5 {[%emt 0:00:30]} axb5 {[%emt 0:00:30]} 6. Bg2 {[%emt 0:00:30]} Bb7 {[%emt 0:00:30]} 7. O-O {[%emt 0:00:30]} Be7 {[%emt 0:00:30]} 8. Nbd2 {[%emt 0:00:30]} O-O {[%emt 0:00:30]} 9. Ne5 {[%emt 0:00:30]} Bxg2 {[%emt 0:00:30]} 10. Kxg2 {[%emt 0:00:30]} Qc8 {[%emt 0:00:30]} 11. Nd3 {[%emt 0:00:30]} Qb7+ {[%emt 0:00:30]} 12. Kg1 {[%emt 0:00:30]} d6 {[%emt 0:00:30]} 13. Nb3 {[%emt 0:00:30]} Nbd7 {[%emt 0:00:30]} 14. Bg5 {[%emt 0:00:30]} Rfc8 {[%emt 0:00:30]} 15. Nd2 {[%emt 0:00:30]} c5 {[%emt 0:00:30]} 16. dxc5 {[%emt 0:00:30]} dxc5 {[%emt 0:00:30]} 17. a4 {[%emt 0:00:30]} c4 {[%emt 0:00:30]} 18. Nf4 {[%emt 0:00:30]} b4 {[%emt 0:00:30]} 19. Qc2 {[%emt 0:00:30]} b3 {[%emt 0:00:30]} 20. Qb1 {[%emt 0:00:30]} Ra5 {[%emt 0:00:30]} 21. Bxf6 {[%emt 0:00:30]} Nxf6 {[%emt 0:00:30]} 22. Rc1 {[%emt 0:00:30]} Qb4 {[%emt 0:00:30]} 23. Rc3 {[%emt 0:00:30]} Rac5 {[%emt 0:00:30]} 24. Ne4 {[%emt 0:00:30]} R5c7 {[%emt 0:00:30]} 25. Rf3 {[%emt 0:00:30]} Nxe4 {[%emt 0:00:30]} 26. Qxe4 {[%emt 0:00:30]} Bf6 {[%emt 0:00:30]} 27. Qb1 {[%emt 0:00:30]} Bxb2 {[%emt 0:00:30]} 28. Qxb2 {[%emt 0:00:30]} c3 {[%emt 0:00:30]} 29. Rxc3 {[%emt 0:00:30]} Qxc3 {[%emt 0:00:30]} 30. Qxc3 {[%emt 0:00:30]} Rxc3 {[%emt 0:00:30]} 31. Nd3 {[%emt 0:00:30]} Rc1+ {[%emt 0:00:30]} 32. Rxc1 {[%emt 0:00:30]} Rxc1+ {[%emt 0:00:30]} 33. Nxc1 {[%emt 0:00:30]} b2 0-1

[Event "Istanbul Open 2019"]
[Site "Istanbul"]
[Date "2019.08.26"]
[Round "1.9"]
[White "Darban, Morteza"]
[Black "Mustafayev, Nihad"]
[Result "1-0"]
[WhiteElo "2280"]
[BlackElo "1925"]
[Annotator "ChessBase"]
[PlyCount "24"]
[EventDate "2019.08.26"]
[EventType "swiss"]
[EventCountry "TUR"]
[SourceTitle "playchess.com"]
[Source "ChessBase"]
[SourceQuality "1"]
[TimeControl "5400+30"]

1. c4 {[%emt 1:29:20]} Nf6 {[%emt 1:13:20]} 2. Nc3 {[%emt 0:00:30]} g6 {[%emt 0:00:30]} 3. g3 {[%emt 0:00:30]} Bg7 {[%emt 0:00:30]} 4. Bg2 {[%emt 0:00:30]} O-O {[%emt 0:00:30]} 5. d4 {[%emt 0:00:30]} d6 {[%emt 0:00:30]} 6. e3 {[%emt 0:00:30]} e5 {[%emt 0:00:30]} 7. Nge2 {[%emt 0:00:30]} Na6 {[%emt 0:00:30]} 8. O-O {[%emt 0:00:30]} c6 {[%emt 0:00:30]} 9. b3 {[%emt 0:00:30]} Nc7 {[%emt 0:00:30]} 10. Bb2 {[%emt 0:00:30]} a6 {[%emt 0:00:30]} 11. dxe5 {[%emt 0:00:30]} dxe5 {[%emt 0:00:30]} 12. Na4 {[%emt 0:00:30]} Nd7 1-0

[Event "Istanbul Open 2019"]
[Site "Istanbul"]
[Date "2019.08.26"]
[Round "1.10"]
[White "Aydogdu, Cagatay"]
[Black "Kilic, Efe Mert"]
[Result "0-1"]
[WhiteElo "1914"]
[BlackElo "2272"]
[Annotator "ChessBase"]
[PlyCount "49"]
[EventDate "2019.08.26"]
[EventType "swiss"]
[EventCountry "TUR"]
[SourceTitle "playchess.com"]
[Source "ChessBase"]
[SourceQuality "1"]
[TimeControl "5400+30"]

1. e4 {[%emt 1:06:30]} d6 {[%emt 1:03:30]} 2. d4 {[%emt 0:00:30]} Nf6 {[%emt 0:00:30]} 3. Bd3 {[%emt 0:00:30]} e5 {[%emt 0:00:30]} 4. c3 {[%emt 0:00:30]} Nc6 {[%emt 0:00:30]} 5. Ne2 {[%emt 0:00:30]} g6 {[%emt 0:00:30]} 6. O-O {[%emt 0:00:30]} Bg7 {[%emt 0:00:30]} 7. dxe5 {[%emt 0:00:30]} dxe5 {[%emt 0:00:30]} 8. f3 {[%emt 0:00:30]} O-O {[%emt 0:00:30]} 9. Bb5 {[%emt 0:00:30]} Bd7 {[%emt 0:00:30]} 10. Na3 {[%emt 0:00:30]} Qe7 {[%emt 0:00:30]} 11. Be3 {[%emt 0:00:30]} a6 {[%emt 0:00:30]} 12. Bxc6 {[%emt 0:00:30]} Bxc6 {[%emt 0:00:30]} 13. b4 {[%emt 0:00:30]} b6 {[%emt 0:00:30]} 14. Qb3 {[%emt 0:00:30]} Ne8 {[%emt 0:00:30]} 15. c4 {[%emt 0:00:30]} Bd7 {[%emt 0:00:30]} 16. Nc3 {[%emt 0:00:30]} f5 {[%emt 0:00:30]} 17. Nd5 {[%emt 0:00:30]} Qf7 {[%emt 0:00:30]} 18. Bg5 {[%emt 0:00:30]} Kh8 {[%emt 0:00:30]} 19. Rad1 {[%emt 0:00:30]} Qe6 {[%emt 0:00:30]} 20. c5 {[%emt 0:00:30]} b5 {[%emt 0:00:30]} 21. Nb1 {[%emt 0:00:30]} h6 {[%emt 0:00:30]} 22. Bh4 {[%emt 0:00:30]} Kh7 {[%emt 0:00:30]} 23. Ndc3 {[%emt 0:00:30]} Rf7 {[%emt 0:00:30]} 24. exf5 {[%emt 0:00:30]} gxf5 {[%emt 0:00:30]} 25. Rfe1 {[%emt 0:00:30]} 0-1

[Event "Istanbul Open 2019"]
[Site "Istanbul"]
[Date "2019.08.26"]
[Round "1.11"]
[White "Aliakbarov, Anar"]
[Black "Temizer, Umut"]
[Result "1-0"]
[WhiteElo "2265"]
[BlackElo "1833"]
[Annotator "ChessBase"]
[PlyCount "24"]
[EventDate "2019.08.26"]
[EventType "swiss"]
[EventCountry "TUR"]
[SourceTitle "playchess.com"]
[Source "ChessBase"]
[SourceQuality "1"]
[TimeControl "5400+30"]

1. d4 {[%emt 0:56:30]} d5 {[%emt 1:14:11]} 2. c4 {[%emt 0:00:30]} c6 {[%emt 0:00:30]} 3. Nf3 {[%emt 0:00:30]} Nf6 {[%emt 0:00:30]} 4. e3 {[%emt 0:00:30]} e6 {[%emt 0:00:30]} 5. Nbd2 {[%emt 0:00:30]} Nbd7 {[%emt 0:00:30]} 6. b3 {[%emt 0:00:30]} b6 {[%emt 0:00:30]} 7. Bb2 {[%emt 0:00:30]} Bb7 {[%emt 0:00:30]} 8. Bd3 {[%emt 0:00:30]} c5 {[%emt 0:00:30]} 9. cxd5 {[%emt 0:00:30]} exd5 {[%emt 0:00:30]} 10. O-O {[%emt 0:00:30]} Bd6 {[%emt 0:00:30]} 11. Qe2 {[%emt 0:00:30]} O-O {[%emt 0:00:30]} 12. Ba6 {[%emt 0:00:30]} Bc8 1-0

[Event "Istanbul Open 2019"]
[Site "Istanbul"]
[Date "2019.08.26"]
[Round "1.13"]
[White "Eren, Ataberk"]
[Black "Onem, Cem"]
[Result "1-0"]
[WhiteElo "2254"]
[BlackElo "1833"]
[Annotator "ChessBase"]
[PlyCount "37"]
[EventDate "2019.08.26"]
[EventType "swiss"]
[EventCountry "TUR"]
[SourceTitle "playchess.com"]
[Source "ChessBase"]
[SourceQuality "1"]
[TimeControl "5400+30"]

1. d4 d5 2. Nf3 Nf6 3. c4 e6 4. Nc3 Be7 5. Bg5 Nbd7 6. e3 O-O 7. cxd5 exd5 8. Bd3 b6 9. O-O Bb7 10. Rc1 c5 11. Re1 c4 12. Bb1 a6 13. Ne5 b5 14. f4 Re8 15. Qf3 Nf8 16. Qh3 h6 17. Bxh6 gxh6 18. Qg3+ Ng6 19. Bxg6 1-0

[Event "Istanbul Open 2019"]
[Site "Istanbul"]
[Date "2019.08.26"]
[Round "1.14"]
[White "Asgarov, Nihad"]
[Black "Yaran, Siar"]
[Result "0-1"]
[WhiteElo "1909"]
[BlackElo "2209"]
[Annotator "ChessBase"]
[PlyCount "110"]
[EventDate "2019.08.26"]
[EventType "swiss"]
[EventCountry "TUR"]
[SourceTitle "playchess.com"]
[Source "ChessBase"]
[SourceQuality "1"]
[TimeControl "5400+30"]

1. e4 e5 2. Nf3 Nc6 3. Bb5 d6 4. d4 Bd7 5. dxe5 Nxe5 6. Bxd7+ Qxd7 7. Nxe5 dxe5 8. Qxd7+ Kxd7 9. Be3 Nf6 10. Nc3 c6 11. f3 Ke6 12. O-O-O Bb4 13. Na4 b6 14. Rd3 Rhd8 15. Rhd1 Rd7 16. a3 Be7 17. Nc3 Rad8 18. Rxd7 Nxd7 19. Ne2 Rg8 20. g4 Bc5 21. Bxc5 Nxc5 22. Ng3 g6 23. Rd2 Ke7 24. Kd1 Rh8 25. b3 b5 26. Ke2 Rb8 27. Ke3 Rb6 28. Rd1 Ra6 29. Ra1 Ne6 30. Ne2 b4 31. a4 c5 32. Rd1 Nd4 33. Rd2 Rc6 34. f4 Nxe2 35. Rxe2 exf4+ 36. Kxf4 c4 37. bxc4 Rxc4 38. Ke5 a5 39. Rd2 f6+ 40. Kd5 Rc3 41. g5 fxg5 42. e5 g4 43. Rf2 Rf3 44. Rg2 h5 45. Kc5 Re3 46. Kd5 Ra3 47. Rf2 Rf3 48. Rg2 Rf1 49. Kc5 Re1 50. Kd5 Rd1+ 51. Kc5 Ke6 52. h3 gxh3 53. Rxg6+ Kf5 54. Rh6 Kg5 55. Rd6 Rc1 0-1